000 00634nam a2200229Ia 4500
005 20240814112643.0
008 131103s9999 xx 000 0 und d
040 _aLoreto College
041 _aEnglish
082 _a822.33
_bSHA-HAR
100 _aShakespeare, William
245 4 _aThe life of Henry fifth
_cWilliam Shakespeare; edited by Harrison, G. B.
260 _aHarmondsworth
_bPenguin Books
_c1955
300 _a142p.
440 _aThe penguin Shakespeare
504 _aIncludes glossary & notes
650 _aHenry
651 _aEnglish drama
700 _aHarrison, G.B.; ed.
850 _aLCBED
942 _cBK
999 _c29448
_d79927